000 00681nam a2200193Ia 4500
008 260520s2025 xx 000 0 und d
020 _a978-93-95596-73-2
041 _amar
082 _a020/PAT
100 _aपाटील, प्र तु
245 _aग्रंथालय आणि माहितीशास्त्र : माहिती स्त्रोत आणि संसाधने
250 _a1st ed
260 _aजळगाव
_bप्राईम पब्लिशिंग हाऊस
_c2025
300 _a254p.
440 _v3 Vol
500 _aCat No: 14955
650 _aLIBRARY SICENCE
700 _aसोनवणे, क शा
999 _c1221761
_d1221761